A Series of Unfortunate Events: Name every Book - Statistics

General Stats
  • This quiz has been taken 30 times
  • The average score is 9 of 13
Answer Stats
Hint Answer % Correct
1 The Bad Beginning
95%
13 The End
85%
2 The Reptile Room
80%
10 The Slippery Slope
70%
5 The Austere Academy
65%
6 The Ersatz Elevator
65%
7 The Vile Village
65%
3 The Wide Window
65%
9 The Carnivorous Carnival
60%
8 The Hostile Hospital
60%
4 The Miserable Mill
60%
11 The Grim Grotto
50%
12 The Penultimate Peril
50%
No matching quizzes found
Score Distribution
Percent of People with Each Score
Percentile by Number Answered
Your Score History
You have not taken this quiz